| 000 | 01026nam a2200265 i 4500 | ||
|---|---|---|---|
| 001 | 81184 | ||
| 003 | ES-MaACL | ||
| 005 | 20250814063221.0 | ||
| 007 | t| | ||
| 008 | 041103e1966 sp a r 00|10 spa | ||
| 017 |
_aB 36865-1966 _bOficina Depósito Legal Barcelona |
||
| 080 | _a7.042 | ||
| 245 | 0 | 4 |
_aLos animales / _cpatrocinado por la Confederación Mundial de Organizaciones de Profesionales de la Enseñanza (CMOPE) bajo los auspicios de la Unesco París |
| 250 | _a1ª ed. | ||
| 260 |
_a[Barcelona] : _bVicens-Vives, _c1966 |
||
| 300 |
_a64 páginas : _bilustraciones ; _c31 cm |
||
| 490 | 1 |
_aEl hombre a través del arte ; _v3 _9231525 |
|
| 650 | 4 |
_aAnimales- _xEn el arte _9138212 |
|
| 710 | 2 |
_aConfederación Mundial de Organizaciones de Profesionales de la Enseñanza (París) _espn _9169068 |
|
| 830 | 3 |
_aEl hombre a través del arte ; _v3 _9231525 |
|
| 852 |
_aES-MaACL _bR.62644 _cDEPO2 _jP-1162 |
||
| 942 |
_2udc _cMONOGRAFIA _n0 |
||
| 999 |
_c81184 _d81184 |
||